Sur les problemes futurs des mathematiques : les 23 problemes

Αποθηκεύτηκε σε:
Λεπτομέρειες βιβλιογραφικής εγγραφής
Κύριος συγγραφέας: Hilbert, David, 1862-1943
Μορφή: Βιβλίο
Γλώσσα:French
Δημοσίευση: Sceaux : Jacques Gabay, c1990
Σειρά:Grands classiques Gauthier-Villars
Θέματα:
Ετικέτες: Προσθήκη ετικέτας
Δεν υπάρχουν, Καταχωρήστε ετικέτα πρώτοι!

MARC

LEADER 00000nam a2200000 i 4500
001 1/79809
008 990506s1990 fre d
020 |a 2-87647-037-3 
035 |l 10050477 
040 |a GR-MY-UA  |b gre  |e aacr 
041 0 |a fre 
082 0 |a 510.76 
100 1 |a Hilbert, David,   |d 1862-1943. 
245 1 0 |a Sur les problemes futurs des mathematiques :  |b les 23 problemes /  |c David Hilbert 
260 |a Sceaux :   |b Jacques Gabay,   |c c1990 
300 |a 57 p.;  |c 24 cm. 
490 1 |a Grands classiques Gauthier-Villars 
650 0 0 |a Mathematics  |x Problems, exercises, etc. 
830 0 |a Grands classiques Gauthier-Villars 
852 |a INST  |b SAMOS  |e 19990506  |h 510.76 HIL  |p 005300013342  |q 005300013342  |t BK  |y 0 
901 |a BIBL-1999-2 
909 |a Σ  |b 062992 
922 |a 3ΕΛΗ  |b 199901  |c ΕΠΕΑΕΚ/ΜΑΘ  |d GLORY